[Event "Wch Rapid"]
[Site "New York"]
[Date "2024.12.26"]
[Round "1"]
[White "Volokitin, Andrei"]
[Black "Rosen, Eric S"]
[Result "1-0"]
[WhiteElo "2569"]
[BlackElo "2325"]
[PlyCount "59"]
[EventDate "2024.12.26"]
[EventType "swiss (rapid)"]
[EventRounds "13"]
[EventCountry "USA"]
[SourceTitle "CB01_2025"]
[SourceDate "2025.01.01"]
[SourceVersion "1"]
[SourceVersionDate "2025.01.01"]
[SourceQuality "1"]

1. e4 c5 2. Nf3 Nc6 3. Bb5 d6 4. 0-0 Bd7 5. Re1 a6 6. Bf1 Bg4 7. c3 e6 8. d4 Bxf3 9. gxf3 Qh4 10. d5 Ne5 11. h3 Nf6 12. f4 Ng6 13. dxe6 fxe6 14. f5 Ne5 15. Nd2 exf5 16. exf5 0-0-0 17. Bg2 g5 18. Ne4 Nxe4 19. Rxe4 Qh6 20. h4 Qf6 21. Bxg5 Qxf5 22. Bxd8 Kxd8 23. Qb3 b5 24. Rae1 c4 25. Rxe5 Qxe5 26. Qd1 Qf6 27. Qd5 h5 28. Qa8+ Kd7 29. Qc6+ Kd8 30. Re8# 1-0

[Event "EU-Cup 39th"]
[Site "Vrnjacka Banja"]
[Date "2024.10.26"]
[Round "7.2"]
[White "Volokitin, Andrei"]
[Black "Wachinger, Nikolas"]
[Result "1/2-1/2"]
[WhiteElo "2648"]
[BlackElo "2442"]
[PlyCount "70"]
[EventDate "2024.10.20"]
[EventType "team-swiss"]
[EventRounds "7"]
[EventCountry "SRB"]
[SourceTitle "CB44_2024"]
[Source "Chessbase"]
[SourceDate "2024.10.30"]
[SourceVersion "1"]
[SourceVersionDate "2024.10.30"]
[SourceQuality "1"]
[WhiteTeam "Nagykanizsa Tuxera"]
[BlackTeam "Werder Bremen"]
[WhiteTeamCountry "HUN"]
[BlackTeamCountry "GER"]

1. e4 c5 2. Nf3 d6 3. Nc3 Nf6 4. d4 cxd4 5. Nxd4 a6 6. Be3 e5 7. Nb3 Be6 8. f3 h5 9. Nd5 Bxd5 10. exd5 Nbd7 11. Qd2 g6 12. 0-0-0 Nb6 13. Kb1 Nfxd5 14. Bg5 Be7 15. Bxe7 Qxe7 16. Qa5 Ne3 17. Qxb6 Nxd1 18. Bd3 Nxb2 19. Kxb2 d5 20. Re1 0-0 21. Qd4 Rfe8 22. Qxd5 Rad8 23. Qe4 f5 24. Qe3 Qf6 25. Kb1 Kg7 26. g3 Rd6 27. h3 e4 28. fxe4 fxe4 29. Bc4 Qe5 30. g4 Rc8 31. Bd3 Qc3 32. Qxe4 Rxd3 33. cxd3 Qc2+ 34. Ka1 Qc3+ 35. Kb1 Qc2+ 1/2-1/2

[Event "EU-Cup 39th"]
[Site "Vrnjacka Banja"]
[Date "2024.10.25"]
[Round "6.2"]
[White "Abdusattorov, Nodirbek"]
[Black "Volokitin, Andrei"]
[Result "0-1"]
[WhiteElo "2783"]
[BlackElo "2648"]
[PlyCount "96"]
[EventDate "2024.10.20"]
[EventType "team-swiss"]
[EventRounds "7"]
[EventCountry "SRB"]
[SourceTitle "CB44_2024"]
[Source "Chessbase"]
[SourceDate "2024.10.30"]
[SourceVersion "1"]
[SourceVersionDate "2024.10.30"]
[SourceQuality "1"]
[WhiteTeam "SuperChess"]
[BlackTeam "Nagykanizsa Tuxera"]
[WhiteTeamCountry "ROU"]
[BlackTeamCountry "HUN"]

1. d4 Nf6 2. Nf3 d5 3. Bf4 c5 4. e3 Nc6 5. Nbd2 Qb6 6. dxc5 Qxb2 7. Ne5 g6 8. Rb1 Qc3 9. Bb5 Bd7 10. Nxd7 Nxd7 11. 0-0 Bg7 12. Rb3 Qxc5 13. c4 Nb6 14. cxd5 Qxd5 15. Nc4 Qxd1 16. Rxd1 0-0 17. Nxb6 axb6 18. a4 Rfd8 19. Rdb1 Na5 20. Rb4 Nc6 21. Rc4 Na7 22. Rc7 Nxb5 23. axb5 e5 24. Bg3 Rd5 25. h3 Ra5 26. e4 Raxb5 27. Ra1 Ra5 28. Rc8+ Bf8 29. exd5 Rxa1+ 30. Kh2 f6 31. f4 Rd1 32. fxe5 fxe5 33. Bh4 Kg7 34. Rc7+ Kh6 35. Rd7 Bc5 36. Bf6 e4 37. g4 g5 38. Bc3 Rd3 39. Bg7+ Kg6 40. Be5 Rd2+ 41. Kh1 h5 42. h4 hxg4 43. Rg7+ Kh6 44. Rxg5 e3 45. Bf4 Rf2 46. Rf5+ Kg6 47. Rg5+ Kf6 48. Bg3 Rf3 0-1

[Event "EU-Cup 39th"]
[Site "Vrnjacka Banja"]
[Date "2024.10.21"]
[Round "2.2"]
[White "Ghasi, Ameet K"]
[Black "Volokitin, Andrei"]
[Result "0-1"]
[WhiteElo "2503"]
[BlackElo "2648"]
[PlyCount "136"]
[EventDate "2024.10.20"]
[EventType "team-swiss"]
[EventRounds "7"]
[EventCountry "SRB"]
[SourceTitle "CB44_2024"]
[Source "Chessbase"]
[SourceDate "2024.10.30"]
[SourceVersion "1"]
[SourceVersionDate "2024.10.30"]
[SourceQuality "1"]
[WhiteTeam "The Sharks"]
[BlackTeam "Nagykanizsa Tuxera"]
[WhiteTeamCountry "ENG"]
[BlackTeamCountry "HUN"]

1. c4 e5 2. Nc3 Nf6 3. Nf3 Nc6 4. e3 Bb4 5. Qc2 Bxc3 6. Qxc3 Qe7 7. a3 d5 8. d4 e4 9. Nd2 a5 10. b3 0-0 11. Bb2 Be6 12. Be2 a4 13. b4 Qd7 14. 0-0-0 Ne7 15. f3 Bf5 16. c5 Bg6 17. Rde1 Rfe8 18. f4 h5 19. h3 h4 20. Nf1 Bh5 21. g4 hxg3 22. Nxg3 Bf3 23. Rh2 Ng6 24. Bf1 Nh4 25. Kb1 Re6 26. b5 Nh5 27. Nxh5 Bxh5 28. Rc2 c6 29. Rec1 Rg6 30. Qe1 Nf5 31. Rg2 Rxg2 32. Bxg2 cxb5 33. Bc3 f6 34. Ka1 Be8 35. Bf1 Qf7 36. Rc2 Qh5 37. Rf2 Qh4 38. Bd2 Qg3 39. Re2 Bh5 40. Qxg3 Nxg3 41. Re1 Nxf1 42. Rxf1 Kf7 43. Rg1 Rh8 44. Rg3 Bg6 45. Be1 Bf5 46. h4 Rh6 47. Kb2 Rg6 48. Kc2 Rxg3 49. Bxg3 Kg6 50. Kd2 Kh5 51. Ke2 Kg4 52. Be1 Bd7 53. Ba5 Kg3 54. Be1+ Kg2 55. Bb4 Bg4+ 56. Kd2 Kg3 57. Ke1 Kxh4 58. Kf2 Kh3 59. Be1 Bd1 60. Ba5 Bb3 61. Bb4 Bc4 62. Ba5 g5 63. fxg5 fxg5 64. Be1 g4 65. Ba5 g3+ 66. Kg1 g2 67. Be1 Bf1 68. Bg3 Kg4 0-1

[Event "EU-Cup 39th"]
[Site "Vrnjacka Banja"]
[Date "2024.10.20"]
[Round "1.2"]
[White "Volokitin, Andrei"]
[Black "Matnadze, Ana"]
[Result "1-0"]
[WhiteElo "2648"]
[BlackElo "2309"]
[PlyCount "61"]
[EventDate "2024.10.20"]
[EventType "team-swiss"]
[EventRounds "7"]
[EventCountry "SRB"]
[SourceTitle "CB44_2024"]
[Source "Chessbase"]
[SourceDate "2024.10.30"]
[SourceVersion "1"]
[SourceVersionDate "2024.10.30"]
[SourceQuality "1"]
[WhiteTeam "Nagykanizsa Tuxera"]
[BlackTeam "Wachtebeke"]
[WhiteTeamCountry "HUN"]
[BlackTeamCountry "BEL"]

1. e4 e5 2. Nf3 d6 3. d4 exd4 4. Nxd4 Nf6 5. Nc3 Be7 6. Bf4 0-0 7. Qd2 Nc6 8. 0-0-0 Nxd4 9. Qxd4 Be6 10. f3 a6 11. g4 b5 12. h4 c5 13. Qe3 b4 14. Na4 Qc7 15. b3 Qc6 16. g5 Nh5 17. Bh2 Rae8 18. Be2 f5 19. exf5 Bxf5 20. Bc4+ Kh8 21. Bd5 Qc7 22. Qd2 a5 23. Rhe1 Bd7 24. Nb2 a4 25. Nc4 axb3 26. cxb3 Bf5 27. Bf7 Rxf7 28. Nxd6 Kg8 29. Nxf7 Qc8 30. Qd5 Kf8 31. Nd6 1-0

[Event "POL-chT Ekstraliga"]
[Site "Walbrzych"]
[Date "2024.10.14"]
[Round "8.25"]
[White "Volokitin, Andrei"]
[Black "Erdogmus, Yagiz Kaan"]
[Result "0-1"]
[WhiteElo "2648"]
[BlackElo "2601"]
[PlyCount "102"]
[EventDate "2024.10.07"]
[EventType "team-tourn"]
[EventRounds "9"]
[EventCountry "POL"]
[SourceTitle "CB42_2024"]
[Source "ChessBase"]
[SourceDate "2024.10.16"]
[SourceVersion "1"]
[SourceVersionDate "2024.10.16"]
[SourceQuality "1"]
[WhiteTeam "Pegow Wieza"]
[BlackTeam "Legnica Miedz"]
[WhiteTeamCountry "POL"]
[BlackTeamCountry "POL"]

1. e4 e5 2. Nf3 Nc6 3. Bc4 Nf6 4. d3 d5 5. exd5 Nxd5 6. 0-0 Bc5 7. Re1 Be6 8. Nbd2 0-0 9. Nxe5 Qh4 10. Ndf3 Qxf2+ 11. Kh1 Nxe5 12. Rxe5 Ne3 13. Bxe3 Bxe3 14. Bxe6 fxe6 15. Qf1 Rf6 16. Re4 Qxf1+ 17. Rxf1 Bb6 18. Rfe1 Re8 19. d4 c6 20. c3 h6 21. Kg1 Bc7 22. Nd2 Kf7 23. g3 Rd8 24. Nc4 b5 25. Ne3 h5 26. Rh4 Rh8 27. Nc2 g5 28. Rhe4 h4 29. g4 a5 30. Ne3 h3 31. Nf1 Rh4 32. Ne3 Rf4 33. Rf1 Rxf1+ 34. Nxf1 Bf4 35. Ng3 Rxg4 36. Kh1 Rh4 37. Re1 Rh8 38. Ne4 Rd8 39. Nf2 c5 40. dxc5 Rd2 41. Kg1 Rxb2 42. Nxh3 Bxh2+ 43. Kh1 Bg3 44. Nxg5+ Kg6 45. Ne4 Bxe1 46. c6 Bg3 47. Nxg3 Rf2 48. Ne4 Rf7 49. Nd6 Rc7 50. Nxb5 Rxc6 51. Kg1 Rc5 0-1